000 00612nam a22002057a 4500
003 LK-CoMWRAF
005 20231010105034.0
008 231010b2006 |||||||| |||| 00| 0 eng d
020 _a 955126620X
040 _aLK-CoMWRAF
_dLK-CoMWRAF
_eLK-CoMWRAF
041 _aeng
082 _a364.152
_bFER
100 _aFernando, Ravindra.
245 _aA murder in Ceylon:
_bthe Sathasivam case
260 _aColombo:
_bVijitha Yapa Publications,
_c2006
300 _a480 p. : ill. ; 22 cm.
650 _aMURDER-Sri Lanka--Case studies.
650 _aMurder--Investigation--Sri Lanka--Case studies.
942 _cBK
999 _c3826
_d3826